Úloha velkoobchodních cen při zvyšování efektívnosti národního hospodářství metodický materiál pro lektory SAK ČSSR

Guardado en:
Detalles Bibliográficos
Autor principal: Boura, Vlastimil
Formato: Libro
Lenguaje:checo
Publicado: Praha Horizont 1984
Etiquetas: Agregar Etiqueta
Sin Etiquetas, Sea el primero en etiquetar este registro!

MARC

LEADER 00000nam a2200000 4500
001 c112513
005 20041019155153.2
041 0 |a cze 
044 |a CZ 
245 1 0 |a Úloha velkoobchodních cen při zvyšování efektívnosti národního hospodářství  |b metodický materiál pro lektory SAK ČSSR 
264 1 |a Praha  |b Horizont  |c 1984 
300 |a 28 s. 
100 1 |a Boura, Vlastimil